| 000 | 01528cam a22003854a 4500 | ||
|---|---|---|---|
| 001 | 14171169 | ||
| 003 | OSt | ||
| 005 | 20170204020012.0 | ||
| 008 | 051117s2006 nyua br 001 0 eng | ||
| 010 | _a 2005033733 | ||
| 020 | _a0816061270 (hc : alk. paper) | ||
| 020 | _a0816061289 (vol. 1) | ||
| 020 | _a0816061297 (vol. 2) | ||
| 040 |
_aDLC _cDLC _dDLC |
||
| 042 | _apcc | ||
| 043 | _an-us--- | ||
| 050 | 0 | 0 |
_aHV1553 _b.F47 2006 |
| 082 | 0 | 0 |
_a362.4/04802973 _222 |
| 245 | 0 | 0 | _aFerguson career resource guide for people with disabilities. |
| 250 | _a3rd ed. | ||
| 260 |
_aNew York : _bFerguson, _cc2006. |
||
| 300 |
_a2 v . : _bill. ; _c24 cm. |
||
| 500 | _aRev. ed. of: Resources for people with disabilities. 2nd ed. c2001. | ||
| 504 | _aIncludes bibliographical references and index. | ||
| 650 | 0 |
_aPeople with disabilities _xServices for _zUnited States _vDirectories. |
|
| 650 | 0 |
_aPeople with disabilities _xServices for _zUnited States _xFinance _vDirectories. |
|
| 650 | 0 |
_aSelf-help devices for people with disabilities _zUnited States _vDirectories. |
|
| 650 | 0 |
_aPeople with disabilities _xVocational guidance _zUnited States. |
|
| 710 | 2 | _aFerguson Publishing. | |
| 730 | 0 | _aResources for people with disabilities. | |
| 856 | 4 | 1 |
_3Table of contents only _uhttp://www.loc.gov/catdir/toc/ecip063/2005033733.html |
| 906 |
_a7 _bcbc _corignew _d1 _eecip _f20 _gy-gencatlg |
||
| 942 |
_2lcc _cBOOKS _03 |
||
| 999 |
_c13407 _d13407 |
||